00353 2200145 4500001002100000005001500021035002000036245005600056100002500112300001200137260002400149082000800173084001400181990001200195INLIS00000000000229320250528083153 a0010-05250005851 aSufi-Sufi Merajud Peradaban /cJames Winston Morris0 aJames Winston Morris a171 hlm bForum Sebang,c2002 a813 a813 JAM s a0712600